01352 2200205 4500001002100000005001500021035002000036008004100056245008000097100001800177250000600195260003800201300001200239084001400251082000800265650001000273520083900283990001201122990001201134INLIS00000000000093320240603074328 a0010-0524000168240603 1 ind 1 aAttaboy; Ketika Alien Menyerang Sekolah, Panggillah Attaboy /cJacob Julian aJulian, Jacob a1 aYogyakarta :bSheila/ Andi,c2014 a202 hlm a813 JAC a a813 4aFiksi aKita tidak sendirian. Selalu ada tempat bagi makhluk hidup lain untuk tinggal di jagat raya yang luas ini. Apakah mereka sama dengan kita? Kita tidak tahu itu. Masalahnya adalah apakah kita siap menerima tamu-tamu asing ini bila mereka ke tempat tinggal kita? Dua makhluk hidup yang berada di dalam pesawat tak dikenal tersebut kebingungan untuk mengoperasikan pesawat mereka yang sudah tak bisa dikendalikan lagi. Bentuk mereka tak sebegitu asing; kepala besar sekaligus berfungsi sebagai helm berdiri tegak dengan dua kaki dan dua tangan. Benda yang mereka tumpangilah yang membuat mereka asing. Ini semua salahmu, 448! Kenapa kau harus melakukan pemindahan saat ada wormhole di dalamnya! Itu tidak bisa diprediksi! Seharusnya kau mengerti karena kau navigator ekspedisi ini! Ketika Alien menyerang sekolah, panggilah Attaboy! a0741620 a0741621